[Event "Lugano Open-11"]
[Site "Lugano"]
[Date "1986.??.??"]
[Round "?"]
[White "Nunn, John DM"]
[Black "Tukmakov, Vladimir B"]
[Result "1-0"]
[WhiteElo "2585"]
[BlackElo "2570"]
[Annotator "Nunn,J"]
[PlyCount "51"]
[EventDate "1986.02.??"]
[EventType "swiss"]
[EventRounds "9"]
[EventCountry "SUI"]
[SourceTitle "CBM 001"]
[Source "ChessBase"]
[SourceDate "2004.01.01"]
[SourceVersion "1"]
[SourceVersionDate "2004.01.01"]
[SourceQuality "1"]

1. e4 c5 2. Nf3 d6 3. d4 cxd4 4. Nxd4 Nf6 5. Nc3 Nc6 6. Bc4 Qb6 7. Nb3 e6 8.
O-O Be7 9. Bg5 Ne5 $6 {Although 9...Ne5 forces the bishop to retreat, Black
will waste time later after White plays f4.} ({Black's best line is probably} 
9... a6 10. Bxf6 gxf6 11. Qh5 Nd4 {as played in Nunn-Martinovic, Amsterdam
1975.}) 10. Be2 Bd7 11. Kh1 Ng6 {A necessary precaution since} (11... O-O 12.
f4 Ng6 13. e5 dxe5 14. Bxf6 Bxf6 15. Qxd7 {does not give Black enough for the
piece. Now, on the other hand, 12 f4 is met by 12...h6.}) 12. Be3 Qc7 13. f4
O-O 14. Qe1 {We have reached a type of Scheveningen position in which Black's
knight is on g6 rather than c6. This favours White since the knight is subject
to attack by f5 and has less influence on the centre.} Rfe8 15. Rd1 Bc6 {
Here the bishop is exposed to attack by Nd4, so it would have been safer to
play 15...Bf8.} 16. Bf3 d5 17. e5 Ne4 18. Nd4 Nxc3 ({Threatening to win a pawn
by} 18... Z0 19. Bxe4 dxe4 20. Nxc6 Qxc6 21. Bd4 Rac8 22. Rd2 {and e4 cannot
be defended.  Moreover 18...Bb4 is met by 19 Nxd5!, so Black has to give up
his outpost at e4.}) (18... Bb4 19. Nxd5) 19. Qxc3 Rac8 20. Qe1 {The queen
returns to the kingside to help an attack based on the move f5.} Bd7 21. Qg3
Qb6 $6 {Black provokes a crisis by attacking the b2 pawn, which White cannot
easily defend (e.g. 22 b3 Rc3). However by placing his queen opposite White's
bishop he allows a tactical breakthrough.  21...Qa5 was a better defence.} 22.
f5 $1 exf5 {22...Bh4 23 Qh3 exf5 is no better after 24 Bxd5 Rxe5 25 Bxf7+ Kh8 
(or 25...Kxf7 26 Nxf5 with a winning attack) 26 Bxg6 Qxg6 27 Bf4 and White
wins material.} 23. Bxd5 Bh4 24. Nxf5 $6 {Flashy, but not the best. Simply 24
Qh3 transposes to the last note and wins safely.} Bxg3 25. Bxb6 axb6 $2 {
The obvious move, but it loses immediately. 25...Bxe5 was the best, when White
has nothing better than to play 26 Bxa7 with an extra pawn - winning perhaps,
but much more complex than 24 Qh3.} 26. Nd6 $1 {Surprisingly Black has no way
to play on, e.g. 26...Bxe5 27 Bxf7+ Kh8 28 Bxe8 Rxe8 29 Nxe8 Bxe8 30 Rd8 or 26.
..Bh4 27 Bxf7+ Kh8 28 Bxe8 Rxe8 29 Nf7+ and 30 Rxd7.} 1-0

[Event "Hoogovens"]
[Site "Wijk aan Zee"]
[Date "1997.01.27"]
[Round "8"]
[White "Onischuk, Alexander"]
[Black "Yermolinsky, Alex"]
[Result "1-0"]
[WhiteElo "2580"]
[BlackElo "2630"]
[Annotator "Onischuk,A"]
[PlyCount "47"]
[EventDate "1997.01.18"]
[EventType "tourn"]
[EventRounds "13"]
[EventCountry "NED"]
[EventCategory "16"]
[SourceTitle "CBM 057"]
[Source "ChessBase"]
[SourceDate "1997.04.01"]
[SourceVersion "1"]
[SourceVersionDate "1997.04.01"]
[SourceQuality "1"]

1. e4 c5 2. Nf3 d6 3. d4 cxd4 4. Nxd4 Nf6 5. Nc3 Nc6 6. Bc4 Qb6 7. Ndb5 a6 8.
Be3 Qa5 9. Nd4 Nxd4 (9... e6 $142) 10. Bxd4 e5 (10... Nxe4 11. O-O Nxc3 12.
Bxc3 Qc7 13. Qd3 $44) 11. Be3 Be6 (11... Nxe4 12. Qd5 $1 Qxd5 13. Nxd5 $16) 12.
Qd3 Rc8 13. Bxe6 fxe6 14. Bg5 Kf7 $1 (14... Be7 15. Bxf6 $1 gxf6 16. O-O-O $16)
15. O-O-O Be7 16. Qf3 {/\ g2-g4; B:f6} Rxc3 $2 (16... Rc6 17. g4 h6 18. h4 $1 (
18. Bxf6 Bxf6 19. h4 g5 $1 $11) 18... hxg5 19. hxg5 Rxh1 20. Rxh1 Kg8 (20...
Ke8 21. gxf6 Bxf6 22. Kb1 $5 {/\ g5} Kd7 23. g5 Bxg5 24. Rh3) 21. gxf6 Bxf6 22.
Qh3 Bg5+ 23. Kb1 Kf7 24. Qh5+ Kf6 25. Rh3 $40) 17. bxc3 (17. Qxc3 $4 Qxc3 18.
bxc3 Nxe4 $15) 17... Qxa2 $2 (17... Rc8 18. Rd3 Qxa2 19. g4 h6 20. Bxf6 Bxf6
21. h4 Ke7 $16) 18. Bxf6 Bxf6 19. g4 Rc8 $2 (19... Ke7 20. h4 h6 21. Qe3 g5 22.
Qb6 $18) 20. g5 Rxc3 21. Qxc3 Bxg5+ 22. Rd2 d5 23. f4 Be7 24. Rf1 1-0

[Event "POL-chT 66th"]
[Site "Katowice"]
[Date "2010.09.06"]
[Round "3"]
[White "Tomczak, Jacek"]
[Black "Krejci, Jan"]
[Result "1/2-1/2"]
[WhiteElo "2533"]
[BlackElo "2454"]
[Annotator "RR"]
[PlyCount "135"]
[EventDate "2010.09.04"]
[EventType "team-tourn"]
[EventRounds "9"]
[EventCountry "POL"]
[SourceTitle "EXT 2016"]
[Source "ChessBase"]
[SourceDate "2015.10.08"]
[SourceVersion "1"]
[SourceVersionDate "2015.10.08"]
[SourceQuality "1"]
[WhiteTeam "Poznan Pocztowiec"]
[BlackTeam "Wroclaw"]
[WhiteTeamCountry "POL"]
[BlackTeamCountry "POL"]

1. e4 c5 2. Nf3 Nc6 3. d4 cxd4 4. Nxd4 Nf6 5. Nc3 d6 6. Bc4 Na5 {Une ligne
secondaire un peu douteuse mais qui donne des résultats très corrects pour
les Noirs} (6... e6 $142) (6... Qb6 $142) 7. Bd3 (7. Bb5+ Bd7 8. Nd5 Nxe4 9.
Qe2 Nf6 10. Nf5 e6 11. Bg5 a6 12. Bd3 Nc6 13. O-O-O Ne5 14. f4 Nxd3+ 15. Qxd3
exf5 16. Qd4 Be7 17. Nxe7 Qxe7 18. Rde1 Be6 19. g4 fxg4 20. f5 O-O 21. Rhg1
Rfc8 22. Bxf6 Rxc2+ 23. Kd1 Qxf6 24. Qxf6 gxf6 25. Rxg4+ Kh8 26. fxe6 Rxb2 27.
exf7 Rb1+ 28. Kd2 Rxe1 29. Kxe1 Rf8 30. Rd4 Kg7 31. Rxd6 Rxf7 32. Kf2 Rc7 33.
h4 h5 34. Rd4 Rc2+ 35. Kf3 b5 {0-1 (35) David,A (2587)-Navara,D (2654) France
2009}) (7. Be2 g6 8. O-O Bg7) 7... g6 {[%csl Rd3] L'idée de la variante qui
évite de jouer une structure Sheveningue} 8. O-O Bg7 9. Bg5 $146 (9. Nb3 O-O
10. Bd2 Nc6 11. f4 a5 12. a4 Be6 13. Nc1 Nb4 14. f5 Bd7 15. Bg5 Rc8 16. Kh1 Kh8
17. N1e2 Ng4 18. Qe1 gxf5 19. exf5 Rg8 20. Qh4 Bf6 21. Bxf6+ Nxf6 22. h3 Nxd3
23. cxd3 Qb6 24. Rab1 Bc6 25. Rf2 Rg5 26. Qd4 Qb4 27. Rg1 Rh5 28. Re1 Rxh3+ 29.
Kg1 Rh4 30. Qxb4 axb4 31. Nb5 Bxb5 32. axb5 Kg7 33. Ng3 Rg4 34. Rf3 Kf8 35. Nf1
Rc5 36. Rfe3 Rc2 37. g3 Nd5 38. f6 Nxe3 {Fedorov,A (2684)-Chernyshov,K (2544)
Smolensk 2000 0-1}) 9... h6 10. Be3 O-O (10... Ng4) 11. f3 e5 $5 12. Nb3 d5
$132 {le Bd3 est assez mal placé et les Noirs en profitent pour prendre
l'initiative au centre} 13. Nxd5 Nxd5 14. exd5 Qxd5 {[%csl Rf3]} 15. Qd2 Nc4
16. Bxc4 Qxc4 17. Bxh6 Bxh6 18. Qxh6 Qxc2 19. Rae1 {[%cal Ge1e4,Ge4h4]} Bf5 $1
$11 20. g4 Be6 21. Rf2 {L'ouverture a mal tourné pour les Blancs} Qc6 22. Nd2
{[%cal Gd2e4,Ge4f6,Ge4g5]} Bd5 23. Rxe5 (23. Ne4 Rfd8 24. Ng5 Qf6 {Les pièces
Noires Noires sont plus actives}) 23... Rfe8 24. Qf4 Rxe5 25. Qxe5 Re8 26. Qd4
Re1+ 27. Kg2 Qe6 28. Nf1 a5 29. a3 Bc6 30. h3 a4 31. Qc3 Re2 32. Qd3 Re1 33.
Rd2 Qe5 34. Qd8+ Kg7 35. Rf2 (35. Qd4 $2 Re2+ $1) 35... Re2 36. Qb6 Qf4 37. Nh2
Re3 38. Qd8 Rb3 39. Qd2 Qf6 40. g5 {Une belle poubelle pour les Blancs} Qf5 41.
Qd4+ Kg8 42. Qf6 Qxf6 43. gxf6 {[%csl Rf6][%cal Gg6g5,Gg8h7,Gh7g6,Gg6f6] Les
Blancs ont réussi à échanger les Q mais le P"f6" est un peu faible} Bd7 44.
Rd2 Bf5 45. Ng4 $1 Bxg4 46. hxg4 Rb5 47. Kg3 g5 {[%cal Gg8h7,Gh7g6]} 48. Rh2
Rb6 49. Rh5 $1 {[%csl Rb2,Rf6,Rg5,Rg8] La finale de R est complexe} Rb5 50. Kh3
Rd5 51. Kg2 Rb5 52. Kg3 Rd5 53. Kf2 Re5 54. f4 $1 Rb5 55. Kf3 (55. Rxg5+ $6
Rxg5 56. fxg5 Kh7 57. Kg3 Kg6 58. Kf4 b6 $1 {Et les Blancs sont en zugzwang})
55... Rb3+ 56. Ke4 gxf4 57. Kxf4 Rb6 58. Rf5 Kh7 59. Kg5 Rxb2 60. Ra5 Rb3 61.
Rd5 Rb2 62. Kh5 Rh2+ 63. Kg5 Rb2 64. Ra5 Rb3 65. Rxa4 Rb5+ 66. Kh4 Kg6 67. Rf4
Rb6 68. g5 1/2-1/2

[Event "EU-Cup 07th round of 32"]
[Site "Clichy"]
[Date "1989.07.13"]
[Round "1.2"]
[White "Moingt, Jean Claude"]
[Black "Khasin, Alexander"]
[Result "0-1"]
[WhiteElo "2300"]
[BlackElo "2390"]
[Annotator "RR"]
[PlyCount "64"]
[EventDate "1989.07.12"]
[EventType "team-match"]
[EventRounds "2"]
[EventCountry "FRA"]
[SourceTitle "EXT 2020"]
[Source "ChessBase"]
[SourceDate "2019.10.17"]
[SourceVersion "1"]
[SourceVersionDate "2019.10.17"]
[SourceQuality "1"]
[WhiteTeam "Clichy Echecs 92"]
[BlackTeam "Novosibirsk Vektor"]
[WhiteTeamCountry "FRA"]
[BlackTeamCountry "URS"]

1. e4 c5 2. Nf3 Nc6 3. d4 cxd4 4. Nxd4 Nf6 5. Nc3 d6 6. Bc4 Qb6 $5 (6... e6) 7.
Ndb5 (7. Nb3) (7. Nxc6) 7... Bg4 (7... a6) 8. f3 (8. Nd5 $5) 8... Bd7 9. Qe2 a6
10. Be3 Qa5 11. Nd4 b5 (11... e6) 12. Bb3 e6 13. Nxc6 (13. Qf2 $142 {De
Firmian,N (2575)-Waitzkin,J (2440) New York op 1997 (5) 1-0}) 13... Bxc6 14.
Qf2 {[%csl Ra5][%cal Cb5b4,Cb4c3,Ge3b6,Ga2a3]} Qc7 15. O-O (15. O-O-O Be7 16.
g4 a5 $1 17. Bb6 (17. a3 b4 $132) 17... Qb7 18. a4 bxa4 19. Nxa4 O-O $17 {
[%cal Gf8b8]}) 15... Be7 16. Rfe1 O-O $15 17. Rad1 {Les blancs ont joué trop
passivement l'ouverture pour espérer garder l'avantage.} Rab8 18. g4 a5 19. a3
Nd7 20. Ne2 a4 21. Ba2 b4 $36 22. axb4 Rxb4 23. Bd4 Bf6 $1 24. Rb1 Rfb8 $17 25.
b3 d5 $1 26. c3 R4b7 27. exd5 Bxd5 28. c4 axb3 29. cxd5 bxa2 30. Rxb7 Rxb7 31.
dxe6 fxe6 32. Nc3 Rb2 $3 {[%cal Ob2f2,Gf6d4]} 0-1

[Event "RUS-Cup3"]
[Site "Omsk"]
[Date "1996.??.??"]
[Round "1"]
[White "Egorov, Evgeni"]
[Black "Makarov, Marat"]
[Result "1/2-1/2"]
[WhiteElo "2385"]
[BlackElo "2560"]
[Annotator "Rechlis,G"]
[PlyCount "70"]
[EventDate "1996.12.13"]
[EventType "swiss"]
[EventRounds "9"]
[EventCountry "RUS"]
[SourceTitle "CBM 057"]
[Source "ChessBase"]
[SourceDate "1997.04.01"]
[SourceVersion "1"]
[SourceVersionDate "1997.04.01"]
[SourceQuality "1"]

1. e4 c5 2. Nf3 Nc6 3. d4 cxd4 4. Nxd4 Nf6 5. Nc3 d6 6. Bc4 Qb6 7. Bb5 a6 8.
Nxc6 $6 $146 (8. Ba4 Bd7 9. Be3 Qxb2 $2 (9... Qc7) 10. Nde2 Qb4 11. Rb1 Qa5 12.
Rxb7 Nxe4 $2 13. Qd5 $1 Qxd5 14. Nxd5 {1-0 Soltis,A-Vulicevic,N/New York MCC
1992}) 8... bxc6 9. Be3 Qc7 10. Bd3 (10. Be2 $142) 10... g6 11. O-O Bg7 12. h3
O-O 13. f4 c5 $15 14. g4 $2 (14. Qd2 Bb7 15. b3 Nh5 16. Rae1 Ng3 17. Rf2 Bxc3
$5 (17... f5 $1 $15) 18. Qxc3 Nxe4 (18... Bxe4 19. f5 Bxd3 20. Bh6 (20. cxd3 $2
Nxf5 21. Rxf5 gxf5 22. Bh6 e5 23. d4 f6 $19) 20... Nxf5 21. Bxf8 Rxf8 22. Qxd3
Qb7 $44) 19. Bxe4 Bxe4 20. f5 Bxf5 $2 21. Bh6 f6 22. Rxf5 gxf5 23. Qg3+ Kf7 24.
Qg7+ $18) 14... Rb8 15. Rb1 Bb7 16. g5 Nh5 17. Qg4 c4 18. Be2 f5 $2 {It is
interesting that many "fianceto" players refuse to exchange their bishop even
for matirial gain , in this case a central pawn !} (18... Bxc3 $1 19. bxc3 Bxe4
$17) 19. gxf6 Nxf6 20. Qe6+ Kh8 21. Bd4 $13 Nh5 $5 22. Bxg7+ Kxg7 23. Bxh5 Rf6
24. Qg4 Kh8 25. Kh1 gxh5 26. Qxh5 e6 27. Rbd1 Rbf8 28. f5 Qc5 (28... Qb6 $5)
29. Rf4 Qe5 30. Rh4 Qxf5 31. Qxf5 exf5 32. Kh2 fxe4 33. Nxe4 Re6 (33... Rg6 34.
Rd2 Rf1 35. Ng3) 34. Rxh7+ Kxh7 35. Ng5+ Kg6 1/2-1/2

[Event "Excelsior Cup"]
[Site "Gothenburg"]
[Date "1997.??.??"]
[Round "6"]
[White "Gdanski, Jacek"]
[Black "Ziegler, Ari"]
[Result "0-1"]
[WhiteElo "2485"]
[BlackElo "2455"]
[Annotator "Rechlis,G"]
[PlyCount "164"]
[EventDate "1997.01.??"]
[EventType "tourn"]
[EventRounds "9"]
[EventCountry "SWE"]
[EventCategory "9"]
[SourceTitle "CBM 057"]
[Source "ChessBase"]
[SourceDate "1997.04.01"]
[SourceVersion "1"]
[SourceVersionDate "1997.04.01"]
[SourceQuality "1"]

1. e4 {Endspiel-CD} c5 2. Nf3 d6 3. d4 cxd4 4. Nxd4 Nf6 5. Nc3 Nc6 6. Bc4 Qb6
7. Ndb5 a6 8. Be3 Qa5 9. Nd4 g6 10. O-O (10. f3 Bg7 11. Bb3 Bd7 12. Qd2 Rc8 13.
O-O-O {Transposes to the Dragon variation with an extra move for -a6 . Since
a6 is not realy helping in this variation Black should ask himself whether he
wants to play this type of Dragon ?!} Ne5 {[Time] 0-1 Sax,G-Fogarasi,T/
HUN-chSuper 1995 (31)}) 10... Bg7 11. Nd5 $1 Nxd5 12. exd5 Ne5 13. Bb3 O-O 14.
h3 $14 Re8 $6 15. f4 Nd7 16. c3 Nc5 $6 17. Bc2 Nd7 18. f5 $1 $16 {Black
planless strategy brings him on the verge of disaster ..} Ne5 19. fxg6 (19. Bb3
$142) 19... hxg6 20. Bb3 Bd7 21. Nf3 Rf8 22. Nxe5 (22. Ng5 $5 {With Qe1 , Qh4})
22... dxe5 $6 (22... Bxe5 23. Bh6) 23. d6 e6 $5 24. Qg4 Rae8 25. Rad1 Qb5 26.
Rf2 a5 27. Bc2 f5 $2 28. Qxg6 Rf6 29. Qh5 f4 30. Qh7+ Kf8 31. Bc1 $1 (31. Bg6
$18 Rd8 32. g3 $6) 31... Qc5 32. Qd3 $142 (32. Bg6 $132) 32... Rd8 $5 33. b4 $6
axb4 34. cxb4 Qxb4 35. Ba3 Qa5 36. Qb3 Bc6 37. d7+ $2 Kf7 38. Rd6 $17 Bf8 $2 {
Last move in the first time control is often a mistake .} 39. Qd3 e4 40. Qd1 f3
$19 (40... Qxa3 41. Qh5+ Ke7 $1) (40... e3 $19 41. Re2 (41. Rf1 Qg5 42. Qe2 (
42. g4 Qh4) 42... Bxd6 43. Bxd6 Rxd7 $17) 41... Qxa3) 41. Rxc6 Bxa3 42. Rc8 Bc5
43. Bxe4 Bxf2+ 44. Kxf2 fxg2+ (44... Qxa2+ 45. Bc2 (45. Rc2 Qa4 46. Bxf3 Rxd7
$19) 45... fxg2+ 46. Kxg2 Ke7 $5) 45. Kxg2 Qg5+ 46. Kh1 Qb5 47. Bf3 $6 Ke7 $2 (
47... Rxd7 48. Bh5+ Kg7 49. Qg1+ Kh6 (49... Kh7 $18 50. Qg8+ Kh6 51. Qh8+ Kg5
52. Rg8+ Kf5 53. Bg4+ Ke5 54. Rg5+ $19) 50. Rh8+ (50. Qc1+ Kh7 51. Qc2+ Qf5)
50... Rh7 51. Qc1+ Kg7 $6) 48. Rc7 Rxd7 $19 (48... b6) 49. a4 Kd8 50. Rxd7+
Qxd7 51. Qxd7+ Kxd7 52. Bxb7 Rf2 53. a5 Ra2 54. a6 e5 55. Kg1 Ke6 56. Kf1 Kf5
57. Ke1 e4 58. h4 e3 $1 59. h5 Kg5 60. Bc8 Kxh5 61. Bd7 Kg5 62. Bb5 Kf4 63. Bc4
Ra4 64. Bd5 Rxa6 65. Ke2 Rd6 66. Bb7 Rd2+ 67. Ke1 Rb2 68. Bc6 (68. Bd5 {
Endspiel-CD} Rb5 69. Bc4 Rc5 70. Ba6 Ra5 71. Bc4 Kf3 72. Be2+ Ke4 73. Bc4 (73.
Bg4 Kf4) 73... Kd4 74. Bf7 Rg5 75. Be8 Kd3 76. Kf1 Kd2 $19) 68... Ke5 (68... e2
{Endspiel-CD} 69. Kf2 Rb6 $8 (69... Ra2 $4 70. Bb5 $11) (69... Z0 70. Be8 $140
$11) 70. Bd5 Rd6 $8 71. Bc4 e1=Q+ (71... Rd2 $4 72. Bxe2 $11) 72. Kxe1 $19 Ke3
$8 73. Kf1 (73. Bf7 Rd7 74. Be6 Re7 75. Bh3 Rh7 76. Bg2 Ra7 77. Kd1 Ra1+ 78.
Kc2 Ra2+ $18) 73... Rd2 $8 74. Bb5 Rf2+ (74... Rb2 $4 75. Bc6 $11) 75. Kg1 Kf3
$8 76. Bc4 Kg3 77. Bg8 Rf8 (77... Rc2 $4 78. Kf1 $11) (77... Rb2 $4 78. Kf1 $1
$11 (78. Bc4 $4 Rb1+ 79. Bf1 Re1)) 78. Bh7 Rh8 (78... Rc8 $6 79. Kf1 Kf3 80.
Ke1 Rd8 $8 81. Bc2 Ke3 $8 82. Kf1 Rd2 $8 $19) 79. Bg6 Rh6 80. Bd3 Rd6 81. Bc2 (
81. Be2 Rc6 $19) 81... Rc6 82. Bd1 Rc1 $18) 69. Bf3 Kd4 70. Bh5 Rb5 71. Bg6 Ra5
(71... Rg5 {Endspiel-CD} 72. Bh7 Rg2 73. Bf5 e2 74. Kd2 Rg5 75. Bd7 Re5 76. Ke1
Ke3 $18) 72. Ke2 (72. Bh7 {Endspiel-CD} Ra1+ 73. Ke2 Ra2+ 74. Ke1 Ra7 75. Bf5
Re7 76. Ke2 Re5 77. Bh7 Rg5 78. Ke1 Rg2 79. Bf5 e2 80. Kd2 Rg5 81. Bh7 Re5 82.
Ke1 Ke3 $19) 72... Ra2+ 73. Ke1 Rg2 74. Bf5 Rg5 75. Bh7 Rg1+ 76. Ke2 Rg2+ 77.
Ke1 e2 78. Kd2 Rg7 79. Bf5 Re7 80. Ke1 Ke3 81. Be6 Ra7 82. Ba2 Rg7 0-1

[Event "Clarin GP final"]
[Site "Villa Gesell"]
[Date "1997.??.??"]
[Round "5"]
[White "Valerga, Diego"]
[Black "Braga, Fernando Alberto"]
[Result "0-1"]
[WhiteElo "2445"]
[BlackElo "2455"]
[Annotator "Rechlis,G"]
[PlyCount "80"]
[EventDate "1997.03.02"]
[EventType "tourn"]
[EventRounds "11"]
[EventCountry "ARG"]
[EventCategory "11"]
[SourceTitle "CBM 058"]
[Source "ChessBase"]
[SourceDate "1997.06.01"]
[SourceVersion "1"]
[SourceVersionDate "1997.06.01"]
[SourceQuality "1"]

1. e4 c5 2. Nf3 Nc6 3. d4 cxd4 4. Nxd4 Nf6 5. Nc3 d6 6. Bc4 Qb6 7. Nb3 (7. Ndb5
$16) 7... e6 8. Bf4 $3 (8. O-O $1) (8. Bg5 $36) 8... Ne5 9. Be2 a6 $2 (9... Be7
10. Be3 $6 Qc7 11. Nb5 Qb8 12. f4 $1) 10. Be3 (10. Bg3 h5 $1 $132 (10... Qc7
11. f4 Nc4 12. e5 $5 {Boensch} dxe5 13. fxe5 Nxe5 14. Qd4 Nfd7 15. O-O-O $5 {
Dorfman}) 11. h3 (11. f4 $1 Neg4) (11. f3 Qc7 12. Qd4 $10 h4 13. Bf2 b5 $13 14.
a4 Nc6 15. Qd2 b4 16. Na2 d5 $1) (11. f3 {Dorfman}) 11... Qc7 (11... g5 $1) 12.
f4 (12. a4 Bd7 $1 $10 13. Qd4 Rc8 $5 {Dorfman}) 12... Nc4 13. Bxc4 (13. Qd4 b5
14. e5 dxe5 15. fxe5 Bb7 16. O-O Rd8 17. Qf2 Ne4 18. Nxe4 Bxe4 $2) 13... Qxc4
14. Qf3 h4 $16 (14... Bd7 {Dorfman} 15. O-O-O Rc8 16. Bh4) 15. Bh2 (15. Bf2 b5
$17 16. e5 Nd5 17. Nxd5 Qxd5 18. Qxd5 exd5 19. O-O-O dxe5 20. fxe5 Bf5 $5 {
Boensch}) (15. Bf2 $1) 15... Bd7 (15... b5 $2 16. e5 Nd5 17. Nxd5 Qxd5 18. Qxd5
exd5 19. exd6 Bxd6 20. O-O-O $10) 16. O-O-O Rc8 17. Rhe1 (17. Rd2) (17. e5 $5 {
Boensch} Bc6 18. Qf2 Ne4 $1) (17. Rd2 $40) 17... b5 $5 18. Qf2 $1 (18. a3) (18.
Rd2 $17) (18. Rd2 {Dorfman}) 18... Qc7 {Dorfman} 19. e5 (19. a3 a5 $1) 19... b4
20. Rd3 $1 (20. exf6 bxc3 21. f5 cxb2+ 22. Kb1 e5 $17 23. fxg7 Bxg7 $5) (20.
Nb1 {Dorfman} dxe5 21. fxe5 Nh5) 20... dxe5 21. fxe5 bxc3 (21... Nh5 $1 22. Ne4
) 22. Rxc3 (22. exf6 Qxh2 23. Rxd7 $2 Qg3 $1 24. Qxg3 hxg3 25. Ra7 cxb2+ 26.
Kxb2 gxf6 27. Rxa6 f5 $1 {/\ Bc1}) 22... Qxc3 $5 {Boensch} (22... Qb8) (22...
Qb8 {Dorfman} 23. Rxc8+ Bxc8 24. Rf1 Rh7 {Dorfman}) 23. bxc3 Ba3+ 24. Kd2 {
Dorfman} (24. Kb1 $19 Nd5 25. Bf4 $1) (24. Kb1 {Dorfman}) 24... Nd5 25. Re4
Rxc3 26. Rg4 (26. Rd4 $1 Bb2) (26. Qa7 $1 Bc8) (26. Rxh4 {0-1 Ivanchuk,
V-Kramnik,V/Linares 1993} O-O 27. Qe2 Rfc8 28. Qh5 Rxc2+ 29. Ke1 Bb4+ 30. Kf1
Bb5+ 31. Kg1 Rc1+ 32. Nxc1 Rxc1+ 33. Kf2 Rf1+ 34. Kg3 Be1+ 35. Kg4 Ne3+ {
Boensch}) 26... O-O $6 27. Qxh4 Rfc8 28. Nd4 Bb4 29. Ke2 (29. Kc1 $15 {Sion
Castro,M-Gulko,B Leon(4) 1992 0-1 44 -CBM 31} Ne3) 29... Bb5+ {1-0 Onischuk,
A-Siegel,G/Viernheim 1995} 30. Nxb5 (30. Kf2 Rxc2+ $14 {Zaitsev,I-Serper,G
Moskow7 op 1991 1-0 41} 31. Nxc2 Rxc2+ 32. Kf3 Be2+ 33. Ke4 Rc4#) 30... Rxc2+
31. Kf3 axb5 32. Rxb4 Nxb4 33. Qxb4 R8c3+ $6) (10. Qd2 Qc7) (10. O-O {1-0
Galdunts,S-Wiemer,R/St.Ingbert op 1994} Qc7 11. a4 Bd7 12. Nd2 Be7 13. a5 Rc8
14. Be3 Bc6 15. f4 Ned7 16. Bf3 O-O 17. g4 {0-1 Touloumis,A-Nikolaidis,K/
Kavala op 1995} d5 18. e5 Ne8 19. Nb3 g6 20. Bd4 f6 $5) 10... Qc7 11. f4 Nc4
12. Bxc4 Qxc4 13. Qd3 (13. Qf3 d5 (13... Qc7 14. O-O-O b5 15. a3 Bb7 16. f5
exf5 17. Qxf5 Rc8 18. Bd4 Be7 19. e5 g6 20. exd6 gxf5 21. dxc7 Rxc7 22. Rhe1
Kf8 23. Rxe7 Kxe7 24. Re1+ Be4 25. g4 Rd8 26. gxf5 Rc4 27. Nxe4 Rcxd4 28. Nec5+
Kd6 29. Ne6 fxe6 30. Rxe6+ Kd5 31. Nxd4 Ne4 32. Nf3 Nc5 33. Re5+ Kd6 34. Re1
Rf8 35. Rd1+ $1) 14. e5 Ne4 15. Nxe4 Qxe4 16. Qxe4 dxe4 17. O-O-O $140) 13...
b5 $1 (13... d5 14. e5 Nd7 15. Qxc4 dxc4 16. Na5 b5 17. a3 f5 18. a4 g5 19.
axb5 gxf4 20. Bxf4 axb5 21. Nxb5 Rb8 22. Nc7+ Kf7 23. Nxc4 Rb7 24. Nd6+ Bxd6
25. exd6 Rxb2 26. O-O-O Rb4 27. Bd2 Rc4 28. Rhe1 Nc5 29. Be3 Nb7 30. Na8 Rd8
31. Nb6 Rc6 32. d7 $2) (13... Qc7 14. O-O-O Be7 15. Kb1 b5 16. Rhe1 O-O 17. Bd4
e5 18. fxe5 dxe5 19. Qg3 Bd6 20. Be3 Be6 21. Bg5 Nh5 22. Qf3 Nf4 23. g3 Ng6 24.
Nd5 Bxd5 25. Rxd5 f6 26. Qd3 Rad8 27. Be3 Ne7 28. Nc5 Nxd5 29. Qxd5+ Qf7 30.
Ne6 Bb4 31. Nxd8 Qxd5 32. exd5 Bxe1 33. Ne6 Rf7 34. Bc5 Rd7 35. d6 Bf2 36. b4
Bg1 37. Nc7 Bxh2 38. Nxa6 Kf7 39. Nc7 Bxg3 40. a4 e4 41. Nxb5 h5 42. a5 h4 43.
a6 h3 44. Nc7 h2 $18) 14. a4 $16 {[%csl Ga5][%cal Yc1c7]} (14. O-O $16 Bb7 $1
15. a4 $6 {From this point on , white looses the thread of the position and
quickly finds himself in a difficult position. Catsle was called for} Nxe4 (
15... Bxe4 $6 16. Nxe4 Nxe4 17. axb5 $6) (15... Qxd3 16. cxd3 b4 17. Ne2 $14)
16. axb5 Qxd3 17. cxd3 Nxc3 18. bxc3 axb5 19. Rxa8+ Bxa8 20. Ra1 Bd5 21. Nd4 $6
) 14... Qxd3 15. cxd3 b4 16. Ne2 e5 $2 17. h3 $15 a5 18. Kf2 $1 (18. O-O Ba6
$17 19. Nec1 $1) 18... Be7 19. g4 $1 {Although white managed to exchange a lot
of matirial , he is still in trouble due to black's pair of bishops and much
better coordinated forces} exf4 20. Nxf4 (20. Bxf4 h5 21. g5 Nd7) 20... g5 21.
Ne2 h5 22. gxh5 Rxh5 23. Kg2 Bb7 24. Ng3 Rh7 25. Bd4 Nd5 26. Kf3 Nf4 27. h4
Nxd3 28. hxg5 Rxh1 29. Rxh1 Bxg5 30. Rh8+ Kd7 31. Rxa8 Bxa8 32. Nxa5 d5 33. Kg4
Bc1 34. b3 Ke6 35. exd5+ Bxd5 36. Nc4 Bxc4 37. bxc4 b3 38. Ne2 Bd2 39. Nc3 Bxc3
40. Bxc3 b2 0-1